000 00619cam a22001932a 4500
001 010394
003 AR-FADEU
008 311216n1981####xxu####################dd
092 _aD346.6
_bB692
100 _aBollini Shaw, Carlos
245 _aGarantías para los bancos y sus clientes : la garantía de los depositos y el proceso de liquidación de las entidades financieras. Liquidez y solvencia de las entidades
260 _aBuenos Aires
260 _bAbeledo-Perrot
260 _c1981
300 _a70 p
500 _aIncluye bibliografía
650 _aDERECHO BANCARIO; BANCOS-GARANTIAS
942 _cBDGR
999 _c16184
_d16184